|
|
|
|
| LEADER |
00000nam0a2200000 4500 |
| 001 |
37125 |
| 005 |
20231031003550.0 |
| 010 |
|
|
|a 3126757308
|
| 035 |
|
|
|a (RuTPU)RU\TPU\book\37683
|
| 090 |
|
|
|a 37125
|
| 100 |
|
|
|a 20011224d2000 m y0gery50 ba
|
| 101 |
0 |
|
|a ger
|
| 102 |
|
|
|a DE
|
| 105 |
|
|
|a a j 000zy
|
| 200 |
1 |
|
|a Unternehmen Deutsch. Lehrwerk fur Wirtschaftsdeutsch
|e Lehrbuch
|f C. Conlin
|
| 210 |
|
|
|a Stuttgart
|c Ernst Klett International
|d 2000
|
| 215 |
|
|
|a 216 с.
|c ил.
|e Приложение: 2 кассеты
|
| 610 |
1 |
|
|a немецкий язык
|
| 610 |
1 |
|
|a учебные пособия
|
| 610 |
1 |
|
|a чтение
|
| 610 |
1 |
|
|a лексика
|
| 610 |
1 |
|
|a грамматика
|
| 610 |
1 |
|
|a устная речь
|
| 610 |
1 |
|
|a разговорная речь
|
| 610 |
1 |
|
|a экономика
|
| 610 |
1 |
|
|a бизнес
|
| 610 |
1 |
|
|a кассеты
|
| 686 |
|
|
|a Ш143.24-923
|v LBC/SL-A
|2 rubbk
|
| 700 |
|
1 |
|a Conlin
|b C.
|
| 801 |
|
1 |
|a RU
|b 63413507
|c 20011224
|g PSBO
|
| 801 |
|
2 |
|a RU
|b 63413507
|c 20221202
|g PSBO
|
| 942 |
|
|
|c BK
|